000 00596nam a2200229Ia 4500
003 OSt
005 20220918204848.0
006 a|||||r|||| 00| 0
007 ta
008 220917b |||||||| |||| 00| 0 eng d
024 _a114,459
037 _cTextual
040 _aARTS
_cARTS
_beng
041 _2eng
_aeng
082 _aV5:19(zL).N39<-N35, L9
100 _aWoytak Richard A
_9113356
245 0 _aOn the border of war and peace
260 _c1979
650 _aHISTORY
942 _hV5:19(zL).N39<-N35, L9
_cTEXL
_2CC
999 _c237790
_d237790